000 00659cam a2200217 a 4500
001 000008854
005 20200929161426.0
008 920413s1990 flu 000 f spa d
020 _a9583303437
035 _a(OCoLC)ocm25636206
040 _aDO-SdBNP
_cDLC
_dDLC
_dBNPHU
082 _aC863.44
_bC172p
100 1 _aCamargo Navas, Eduardo.
_923409
245 1 0 _aPetróleo, sangre y selva /
_cEduardo Camargo Navas.
260 _aMiami, Florida, U.S.A. :
_bEmfasar,
_c1990.
300 _a375 p. ;
_c18 cm.
650 4 _aNovela colombiana
_91243
650 4 _aLiteratura colombiana
_ySIGLO XX
_914409
910 _aCatalogación por copia / LC
049 _aBNGR
999 _c8623
_d8623